| 000 | 00394cam a2200145ua 4500 | ||
|---|---|---|---|
| 041 |
_aeng _h |
||
| 082 |
_a691.276 _bIND/ME |
||
| 100 | _aIndian Standard Institution, . | ||
| 245 | 0 | 0 | _aMethod of test for tensile strength of asbestos fibre,IS:5748-1969 |
| 260 |
_aNew Delhi : _bIndian Standards Institution , _c1970. |
||
| 300 | _a6 ; . | ||
| 504 | _a | ||
| 942 | _cBK | ||
| 999 |
_c4507 _d4507 |
||